| 000 | 01893nam a2200373 i 4500 | ||
|---|---|---|---|
| 003 | EG-GICUC | ||
| 005 | 20260503124727.0 | ||
| 008 | 260503s2006 ua ||||f |||| 00| 0bara d | ||
| 017 | _a2005/17942 | ||
| 020 | _a977-03-1415-3 | ||
| 040 |
_a EG-GICUC _bara _c EG-GICUC _d EG-GICUC _erda |
||
| 041 | 0 | _aara | |
| 082 | 0 | 4 |
_221 _a345.661 _bع ب . و |
| 092 | 0 | 4 | _221 |
| 099 | _aLaw1 07 345.661 2006 ع ب . و 0702230 C1 | ||
| 100 | 0 |
_aعبدالغني بسيوني عبدالله _eمؤلف. |
|
| 245 | 1 | 0 |
_aفي أحكام القضاء الإدارى وقف تنفيذ القرار الإداري : _b/ دراسة مقارنة لوقف تنفيذ القرارات الإدارية المطعون فيها بالالفاء أمام القضاء الإدارى من حيث مجال إعمال وقف التنفيذ وشروط الحكم بوقف التنفيذ، والحكم الصادر بوقف التنفيذ وتقدير تطبيق القضاء الإداري لوقف تنفيذ القرار الإداري، في فرنسا، ومصر ولبنان _cدكتور عبدالغني بسيوني عبدالله. |
| 250 |
_aالطبعة الثالثة ؛ _bمزيدة ومنقحة |
||
| 264 | 1 |
_aالإسكندرية : _bمنشأة المعارف، _c2006. |
|
| 300 |
_a276 ؛ صفحة _c24 سم. |
||
| 336 |
_2rda content _atext |
||
| 337 |
_2rda media _aComputer |
||
| 338 |
_2rda carrier _aOnline Resource |
||
| 490 | 0 | _aالكتب القانونية | |
| 504 | _aببليوجرافية : صفحة 259-268. | ||
| 504 | _aيشتمل على إرجاعات ببليوجرافية. | ||
| 546 | _aالنص باللغة العربية | ||
| 650 | 1 | 4 | _aوقف تنفيذ القرارات الإدارية |
| 650 | 1 | 4 | _aالقانون الإداري |
| 651 | 1 | _2qrmak | |
| 856 | 4 | 0 | _uhttps://fll.law.cu.edu.eg/fulltext/bks/B07-02230.pdf |
| 905 | _a164 | ||
| 942 |
_2ddc _cBK _e21 _n0 |
||
| 999 |
_c75139 _d75139 |
||